[Event "TOP 16 GpA"]
[Site "Evry FRA"]
[Date "2010.03.26"]
[Round "1"]
[White "Gofshtein,L"]
[Black "Svidler,P"]
[Result "1/2-1/2"]
[WhiteElo "2540"]
[BlackElo "2750"]
[EventDate "2010.03.26"]

1. c4 e5 2. Nc3 Nf6 3. Nf3 Nc6 4. a3 g6 5. e3 Bg7 6. Be2 O-O 7. d3 d5 8.
cxd5 Nxd5 9. Bd2 a5 10. O-O Nxc3 11. Bxc3 a4 12. Nd2 Re8 13. Qc2 Nd4 14.
Bxd4 exd4 15. e4 g5 16. Qd1 f5 17. exf5 Bxf5 18. Ne4 Bxe4 19. dxe4 Rxe4 20.
Bd3 Re7 1/2-1/2

[Event "TOP 16 GpA"]
[Site "Evry FRA"]
[Date "2010.03.26"]
[Round "1"]
[White "Delchev,A"]
[Black "Le Roux,JP"]
[Result "1-0"]
[WhiteElo "2625"]
[BlackElo "2512"]
[EventDate "2010.03.26"]

1. d4 Nf6 2. c4 g6 3. Nc3 d5 4. Bg5 Ne4 5. Bh4 Nxc3 6. bxc3 dxc4 7. e3 Be6
8. Be2 Bg7 9. Nf3 O-O 10. O-O c5 11. Rb1 b6 12. dxc5 Nd7 13. c6 Nf6 14. Nd4
Bd5 15. Bf3 Rc8 16. Bg3 Ne4 17. Nb5 Nxg3 18. hxg3 Bxf3 19. Qxf3 a6 20. c7
Qe8 21. Nd4 e5 22. Nc2 e4 23. Qf4 b5 24. Nd4 Qe5 25. a4 Qxf4 26. gxf4 Bxd4
27. exd4 Rxc7 28. axb5 axb5 29. Rxb5 Ra8 30. f5 Kg7 31. Re1 Ra3 32. Re3 f6
33. g4 Rb3 34. Ra5 Kh6 35. Kg2 Rcb7 36. fxg6 hxg6 37. Rc5 Ra3 38. Rxc4 f5
39. gxf5 gxf5 40. Rg3 Rb6 41. Rc8 Rg6 42. d5 Ra2 43. Rxg6+ Kxg6 44. Kg3 Kf6
45. c4 Rd2 46. Re8 Rd3+ 47. Kh4 Rd4 48. Re6+ Kf7 49. Kg5 Rxc4 50. Kxf5 Rc2
51. Rf6+ Kg7 52. Ke6 Re2 53. Ke7 e3 54. fxe3 Rxe3+ 55. Re6 1-0

[Event "TOP 16 GpA"]
[Site "Evry FRA"]
[Date "2010.03.26"]
[Round "1"]
[White "Vachier Lagrave,M"]
[Black "Magem Badals,J"]
[Result "1/2-1/2"]
[WhiteElo "2727"]
[BlackElo "2576"]
[EventDate "2010.03.26"]

1. e4 c6 2. d4 d5 3. e5 Bf5 4. Nd2 e6 5. Nb3 Nd7 6. Nf3 h6 7. Be2 Ne7 8.
O-O Qc7 9. a4 a5 10. Bd2 g5 11. Ne1 Bg7 12. Nd3 b6 13. Rc1 O-O 14. f4 f6
15. exf6 Bxf6 16. Be3 Ng6 17. Bg4 Be7 18. Ne5 Ndxe5 19. fxe5 Bxg4 20. Qxg4
Qd7 21. g3 Kg7 22. h4 Rf5 23. h5 Nh8 24. Qe2 Rxf1+ 25. Rxf1 Rf8 26. g4
Rxf1+ 27. Qxf1 Bd8 28. Kg2 Kg8 29. Nd2 Qh7 30. Qa6 Qc7 31. Qd3 Qh7 32. Qa6
Qc7 33. c3 Be7 34. Qd3 c5 35. Qb5 Kf7 36. Nb3 c4 37. Nd2 Kf8 38. b3 cxb3
39. Qxb3 Nf7 40. c4 Bb4 41. cxd5 Bxd2 42. Bxd2 exd5 43. e6 Nd6 44. Qxd5 Ke7
45. Bxg5+ hxg5 46. Qxg5+ Kxe6 47. d5+ Kf7 48. Qg6+ Kf8 49. h6 Nf7 50. Qg7+
Ke7 51. h7 Qc2+ 52. Kg3 Qd3+ 53. Kf2 Qd2+ 54. Kg3 Qe3+ 55. Kg2 Qe2+ 1/2-1/2

[Event "TOP 16 GpA"]
[Site "Evry FRA"]
[Date "2010.03.26"]
[Round "1"]
[White "Cornette,M"]
[Black "Bacrot,E"]
[Result "1/2-1/2"]
[WhiteElo "2552"]
[BlackElo "2714"]
[EventDate "2010.03.26"]

1. e4 e5 2. Nf3 Nc6 3. Bb5 Nf6 4. d3 Bc5 5. c3 O-O 6. O-O d5 7. Nbd2 Re8 8.
Re1 a6 9. Bxc6 bxc6 10. h3 Bd6 11. Nf1 h6 12. Ng3 a5 13. Qc2 Be6 14. Be3 c5
15. Rad1 d4 16. Bc1 Qc8 17. c4 1/2-1/2

[Event "TOP 16 GpA"]
[Site "Vandoeuvre FRA"]
[Date "2010.03.27"]
[Round "2"]
[White "Lazarev,V"]
[Black "Vojinovic,G"]
[Result "1/2-1/2"]
[WhiteElo "2468"]
[BlackElo "2443"]
[EventDate "2010.03.26"]

1. d4 d5 2. c4 c6 3. Nf3 Nf6 4. e3 Bg4 5. cxd5 Bxf3 6. Qxf3 cxd5 7. Nc3 Nc6
8. Bd3 e6 9. Qg3 g6 10. f4 Nh5 11. Qh3 1/2-1/2

[Event "TOP 16 GpA"]
[Site "Vandoeuvre FRA"]
[Date "2010.03.27"]
[Round "2"]
[White "Tirard,H"]
[Black "Legky,N"]
[Result "1/2-1/2"]
[WhiteElo "2451"]
[BlackElo "2428"]
[EventDate "2010.03.26"]

1. e4 c5 2. Nf3 Nf6 3. e5 Nd5 4. Nc3 e6 5. Ne4 f5 6. Nc3 Nxc3 7. dxc3 b6 8.
Bf4 Bb7 9. Bc4 Qc7 10. Qe2 Nc6 11. O-O-O 1/2-1/2

[Event "TOP 16 GpA"]
[Site "Vandoeuvre FRA"]
[Date "2010.03.27"]
[Round "2"]
[White "Komarov,Di"]
[Black "Colin,V"]
[Result "1-0"]
[WhiteElo "2523"]
[BlackElo "2445"]
[EventDate "2010.03.26"]

1. d4 Nf6 2. Nf3 g6 3. c4 Bg7 4. Nc3 O-O 5. e4 d6 6. Be2 Na6 7. O-O e5 8.
Be3 Ng4 9. Bg5 Qe8 10. dxe5 dxe5 11. Nd2 h5 12. h3 Nh6 13. c5 f6 14. Be3 b6
15. b4 Kh8 16. Nd5 Qd8 17. Qa4 c6 18. Qxc6 Rb8 19. cxb6 axb6 20. Bxb6 Nxb4
21. Qc5 Rxb6 22. Qxb6 Nxd5 23. Qxd8 Rxd8 24. exd5 Rxd5 25. Rfd1 Nf5 26. Nb3
Nd4 27. Bc4 Rd6 28. Nxd4 exd4 29. a4 f5 30. a5 Ba6 31. Bxa6 Rxa6 32. Ra4
Kh7 33. Kf1 Be5 34. Ke2 Bc7 35. Rda1 Kg7 36. Kd3 Kf6 37. Kc4 Ke5 38. Re1+
Kf6 39. Kb5 Ra8 40. a6 d3 41. Rd1 1-0

[Event "TOP 16 GpA"]
[Site "Vandoeuvre FRA"]
[Date "2010.03.27"]
[Round "2"]
[White "Bellaiche,A"]
[Black "Todorov,T"]
[Result "0-1"]
[WhiteElo "2443"]
[BlackElo "2493"]
[EventDate "2010.03.26"]

1. e4 c5 2. Nf3 Nc6 3. d4 cxd4 4. Nxd4 e5 5. Nb5 d6 6. N1c3 a6 7. Na3 b5 8.
Nd5 Nge7 9. c4 Nd4 10. cxb5 Nxd5 11. exd5 Qh4 12. bxa6 Be7 13. Be3 O-O 14.
Bxd4 exd4 15. Be2 Bf6 16. O-O d3 17. Qxd3 Bxb2 18. Rab1 Bxa6 19. Nc4 Bd4
20. g3 Qf6 21. Rbd1 Bc5 22. Qd2 Rfb8 23. Rc1 Bc8 24. Kg2 Qf5 25. Bf3 h5 26.
Qe2 Bd7 27. Ne3 Qe5 28. Rb1 h4 29. gxh4 Re8 30. Kh1 Ra4 31. Qb2 Qf4 32. Bg2
Bd4 0-1

[Event "TOP 16 GpA"]
[Site "Vandoeuvre FRA"]
[Date "2010.03.27"]
[Round "2"]
[White "Bijaoui,M"]
[Black "Sandalakis,A"]
[Result "1/2-1/2"]
[WhiteElo "2410"]
[BlackElo "2319"]
[EventDate "2010.03.26"]

1. e4 e5 2. Nf3 Nc6 3. Bb5 a6 4. Ba4 Nf6 5. O-O b5 6. Bb3 Bc5 7. c3 d6 8.
d4 Bb6 9. Bg5 h6 10. Bh4 Bb7 11. dxe5 Nxe5 12. Nxe5 dxe5 13. Nd2 O-O 14.
Qe2 Qd6 15. a4 Rad8 16. Rad1 Qc6 17. Bxf6 Qxf6 18. axb5 axb5 19. Nf3 c6 20.
Rxd8 Rxd8 21. Rd1 Bc7 22. Rxd8+ Qxd8 23. g3 Qf6 24. Nh4 Bc8 25. Kg2 Bb6 26.
Qf3 Qxf3+ 27. Kxf3 Kf8 28. Nf5 Bc7 29. g4 Bxf5 1/2-1/2

[Event "TOP 16 GpA"]
[Site "Vandoeuvre FRA"]
[Date "2010.03.27"]
[Round "2"]
[White "Godard,M"]
[Black "Giffard,N"]
[Result "1-0"]
[WhiteElo "2340"]
[BlackElo "2361"]
[EventDate "2010.03.26"]

1. d4 d5 2. c4 dxc4 3. Nf3 Nf6 4. Nc3 c6 5. a4 e6 6. e4 Bb4 7. e5 Nd5 8.
Bd2 Bxc3 9. bxc3 b5 10. Ng5 h6 11. Ne4 O-O 12. h4 f5 13. Nd6 Bd7 14. g4 f4
15. g5 hxg5 16. Qg4 gxh4 17. Rxh4 Ne7 18. Qh5 1-0

[Event "TOP 16 GpA"]
[Site "Vandoeuvre FRA"]
[Date "2010.03.27"]
[Round "2"]
[White "Karr,JP"]
[Black "Geenen,M"]
[Result "1/2-1/2"]
[WhiteElo "2385"]
[BlackElo "2327"]
[EventDate "2010.03.26"]

1. d4 d5 2. c4 c6 3. Nf3 Nf6 4. Nc3 dxc4 5. a4 Bf5 6. e3 e6 7. Bxc4 Bb4 8.
O-O Nbd7 9. Qe2 O-O 10. e4 Bg6 11. e5 Nd5 12. Nxd5 cxd5 13. Bd3 a6 14. Be3
Rc8 15. Rfc1 Nb8 16. Rxc8 Qxc8 17. Rc1 Qd7 18. Bxg6 fxg6 19. Qc2 Nc6 20.
Qb3 Be7 21. Qb6 Bd8 22. Qc5 Be7 23. Qb6 Bd8 24. Qc5 Be7 25. Qb6 1/2-1/2

[Event "TOP 16 GpA"]
[Site "Vandoeuvre FRA"]
[Date "2010.03.27"]
[Round "2"]
[White "Fruteau,S"]
[Black "Lefevre,Ma"]
[Result "1/2-1/2"]
[WhiteElo "2125"]
[BlackElo "2036"]
[EventDate "2010.03.26"]

1. e4 c5 2. Nf3 Nc6 3. Bb5 e6 4. O-O Nge7 5. c3 d5 6. e5 Bd7 7. Bxc6 Bxc6
8. d4 Nf5 9. Qe2 Qb6 10. Rd1 Rc8 11. g4 Ne7 12. dxc5 Qxc5 13. Be3 Bb5 14.
Qd2 Qc7 15. Na3 Bc6 16. Bc5 Ng6 17. Bxf8 Nxf8 18. Re1 Ng6 19. Nc2 O-O 20.
Ncd4 Bd7 21. Qg5 Qd8 22. Qe3 Qb6 23. Rab1 Rce8 24. h4 Qd8 25. g5 f6 26. h5
Nxe5 27. Nxe5 fxe5 28. Qxe5 h6 29. gxh6 gxh6 30. Re3 Kh7 31. Rg3 Rg8 32.
Kg2 Rg5 33. Rxg5 Qxg5+ 34. Qxg5 hxg5 35. Nf3 Kh6 36. Ne5 Bc6 37. Kg3 Rc8
38. Kg4 Rf8 39. f3 Rf4+ 40. Kg3 Be8 41. Ng4+ Kg7 42. h6+ Kh7 43. Re1 Bf7
44. Re5 Rf5 45. Re2 Bg8 46. Rh2 Bf7 47. Nf2 Rf6 48. Nh3 Kxh6 49. Nf4+ Kg7
50. Nd3 Be8 51. Kg4 Bb5 52. Ne1 Rf5 53. Rh5 Rf4+ 54. Kxg5 Rf5+ 55. Kg4 Rxh5
56. Kxh5 Kf6 57. Kg4 e5 58. Nc2 Bd3 59. Ne3 Ke6 60. f4 exf4 61. Kxf4 Bb1
62. a3 Bd3 63. Nd1 Kd6 64. Nf2 Bc4 65. Ke3 Kc5 66. Ng4 Bb3 67. Ne5 b5 68.
Nd3+ Kc4 69. Ne5+ Kc5 70. Kd3 a5 71. Kd2 b4 72. axb4+ axb4 73. Nd3+ Kc4 74.
Nxb4 d4 75. Nc6 dxc3+ 76. bxc3 Kc5 77. Ne5 Be6 78. Nd3+ Kc4 79. Nb2+ Kc5
80. Nd1 Bg8 81. Ne3 Be6 82. Kd3 Bg8 83. Ng4 Bh7+ 84. Ke3 Bg8 85. Ne5 Be6
1/2-1/2

[Event "TOP 16 GpA"]
[Site "Vandoeuvre FRA"]
[Date "2010.03.27"]
[Round "2"]
[White "Swinkels,R"]
[Black "Bauer,Ch"]
[Result "1-0"]
[WhiteElo "2501"]
[BlackElo "2607"]
[EventDate "2010.03.26"]

1. e4 c5 2. Nf3 d6 3. d4 cxd4 4. Nxd4 Nf6 5. Nc3 g6 6. Be3 Bg7 7. f3 a6 8.
Bc4 Nbd7 9. Qd2 b5 10. Bb3 Bb7 11. O-O-O Nc5 12. Bh6 Bxh6 13. Qxh6 e5 14.
Nde2 Nxb3+ 15. axb3 Qe7 16. Rd3 O-O-O 17. Rhd1 Rd7 18. Qe3 Kc7 19. g4 h6
20. h4 Kb8 21. Qb6 Qd8 22. Rxd6 Qxb6 23. Rxb6 Rxd1+ 24. Nxd1 Nd7 25. Rd6
Kc7 26. Rd3 h5 27. g5 f6 28. gxf6 Rf8 29. Nf2 Rxf6 30. Nh3 b4 31. Ng5 Nc5
32. Rd1 a5 33. Kd2 Rd6+ 34. Ke1 Rf6 35. Rd2 Bc6 36. Ng1 Rf4 37. N1h3 Rf6
38. Ke2 a4 39. bxa4 Nxa4 40. b3 Nc3+ 41. Ke3 Nb1 42. Rd3 Na3 43. c3 Bd7 44.
cxb4 Nc2+ 45. Kd2 Nxb4 46. Rc3+ Kb7 47. Ke3 Rb6 48. Kf2 Nc6 49. f4 Rb4 50.
Ke3 Kb6 51. fxe5 Nxe5 52. Nf2 Bc6 53. Nd3 Ng4+ 54. Kf4 Rd4 55. Ne5 Nxe5 56.
Kxe5 Rb4 57. Re3 Kc5 58. Ne6+ Kb6 59. Nf4 Rb5+ 60. Kf6 Rb4 61. Ke5 Rb5+ 62.
Nd5+ Kb7 63. Rc3 Ra5 64. Kd6 Bxd5 65. exd5 Ra1 66. Kd7 Rg1 67. Rc4 g5 68.
hxg5 Rxg5 69. Rb4+ Ka7 70. Kc6 Rg8 71. d6 Rc8+ 72. Kd7 Rc3 73. Kd8 h4 74.
Rxh4 Rxb3 75. d7 Re3 76. Kc7 Rc3+ 77. Kd6 1-0

[Event "TOP 16 GpA"]
[Site "Vandoeuvre FRA"]
[Date "2010.03.27"]
[Round "2"]
[White "Landa,K"]
[Black "Sarthou,G"]
[Result "1-0"]
[WhiteElo "2635"]
[BlackElo "2386"]
[EventDate "2010.03.26"]

1. d4 d5 2. c4 c6 3. Nf3 Nf6 4. Qb3 dxc4 5. Qxc4 Bf5 6. g3 e6 7. Bg2 Be7 8.
O-O Nbd7 9. Nc3 O-O 10. Re1 Ne4 11. Qb3 Qb6 12. Nh4 Bxh4 13. gxh4 Ndf6 14.
Nxe4 Nxe4 15. Qxb6 axb6 16. f3 Nd6 17. e4 Bg6 18. a4 Rfd8 19. b3 b5 20. Bf4
bxa4 21. bxa4 Nc4 22. Reb1 Rxd4 23. Rxb7 e5 24. Bg3 f6 25. Bf2 Rdd8 26. Rc7
Na5 27. Rb1 Bf7 28. Bf1 Be6 29. Re7 Re8 30. Rxe8+ Rxe8 31. Rb6 Ra8 32. Ra6
Rxa6 33. Bxa6 Bc4 34. Bc8 Nb3 35. Bb6 Kf7 36. a5 Nxa5 37. Bxa5 Be2 38. Kf2
Bd1 39. Bb4 h5 40. Bd7 Ba4 41. Bc5 Bb5 42. Ke3 Ba4 43. Bh3 Bb5 44. Kf2 Bc4
45. Bf1 Bb3 46. Ke3 Ke8 47. Kd2 Kf7 48. Be2 Kg6 49. Kc3 Ba4 50. Bd6 Kf7 51.
Kb4 Bc2 52. Kc5 Ba4 53. Kb6 Ke6 54. Kc7 Kf7 55. Bc5 g6 56. Kd6 Bc2 57. Bb6
Kg7 58. Bd8 Ba4 59. Bc4 Bd1 60. Ke6 f5 61. Bf6+ Kh7 62. Kf7 1-0

[Event "TOP 16 GpA"]
[Site "Vandoeuvre FRA"]
[Date "2010.03.27"]
[Round "2"]
[White "Litwak,A"]
[Black "Brunner,N"]
[Result "1/2-1/2"]
[WhiteElo "2269"]
[BlackElo "2420"]
[EventDate "2010.03.26"]

1. e4 c5 2. Nf3 d6 3. d4 cxd4 4. Nxd4 Nf6 5. Nc3 a6 6. Be2 e6 7. O-O Be7 8.
a4 O-O 9. Be3 Nc6 10. Kh1 Qc7 11. f4 Re8 12. Bg1 Nxd4 13. Qxd4 e5 14. Qd3
exf4 15. Rxf4 d5 16. Raf1 dxe4 17. Nxe4 Nxe4 18. Qxe4 Be6 19. Bd3 g6 20.
Qf3 Bd6 21. Rh4 Qe7 22. Re4 Bc5 23. Bxc5 Qxc5 24. Rxe6 fxe6 25. Qf7+ Kh8
26. Qf6+ Kg8 1/2-1/2

[Event "TOP 16 GpA"]
[Site "Vandoeuvre FRA"]
[Date "2010.03.27"]
[Round "2"]
[White "Nezar,M"]
[Black "Touzane,O"]
[Result "1/2-1/2"]
[WhiteElo "2398"]
[BlackElo "2287"]
[EventDate "2010.03.26"]

1. d4 Nf6 2. c4 g6 3. Nc3 Bg7 4. e4 d6 5. f3 O-O 6. Be3 c6 7. Qd2 Nbd7 8.
Nh3 e5 9. d5 cxd5 10. cxd5 a6 11. Nf2 Nh5 12. g4 Nf4 13. h4 b5 14. Nd3
Nxd3+ 15. Bxd3 Nc5 16. Bc2 b4 17. Ne2 a5 18. Ng3 f6 19. h5 Kf7 20. h6 Bh8
21. Rc1 Qb6 22. Ba4 Bb7 23. Bxc5 dxc5 24. Nf1 Rfd8 25. Qe3 Rac8 26. Nd2 Ba6
27. Kf2 f5 28. Nc4 Bxc4 29. Rxc4 f4 30. Qb3 Bf6 31. Kg2 Kf8 32. Rhc1 Be7
33. R4c2 Qf6 34. Rh1 Qa6 35. Rc4 Qf6 36. Qc2 Qb6 37. Bc6 Rc7 38. Qf2 Ra7
39. Ba4 Rc7 40. Rhc1 Ra8 41. Bc6 Rd8 42. Qg1 Rxc6 43. dxc6 Rd2+ 44. Kh1
Qxc6 45. R4c2 Rd4 46. Rd1 g5 47. Rxd4 exd4 48. Rh2 a4 49. b3 Qa6 50. Qd1
Bf6 51. Rc2 Be7 52. Rh2 Bf6 53. Rc2 Be7 54. Rh2 Bf6 1/2-1/2

[Event "TOP 16 GpA"]
[Site "Vandoeuvre FRA"]
[Date "2010.03.27"]
[Round "2"]
[White "Kaufeld,J"]
[Black "Philippe,C"]
[Result "1/2-1/2"]
[WhiteElo "2241"]
[BlackElo "2428"]
[EventDate "2010.03.26"]

1. d4 Nf6 2. Nf3 c5 3. d5 e6 4. c4 b5 5. Bg5 exd5 6. cxd5 h6 7. Bxf6 Qxf6
8. Nc3 b4 9. Na4 Bd6 10. a3 O-O 11. e3 bxa3 12. Rxa3 c4 13. Ra1 Bb4+ 14.
Nd2 Bb7 15. Bxc4 Rc8 16. Rc1 d6 17. O-O Nd7 18. Nf3 Nc5 19. Nxc5 Rxc5 20.
b3 Rac8 21. Ra1 a5 22. Qd3 g6 23. Rfd1 Kg7 24. h3 Re8 25. Ra2 1/2-1/2

[Event "TOP 16 GpA"]
[Site "Vandoeuvre FRA"]
[Date "2010.03.27"]
[Round "2"]
[White "Buscara,L"]
[Black "Steil Antoni,F"]
[Result "0-1"]
[WhiteElo "1688"]
[BlackElo "2151"]
[EventDate "2010.03.26"]

1. e4 e5 2. Nc3 Nf6 3. g3 c6 4. Bg2 d5 5. d4 Bb4 6. Qd3 dxe4 7. Bxe4 exd4
8. a3 Bxc3+ 9. bxc3 Qe7 10. f3 Bf5 11. Ne2 Nxe4 12. fxe4 Bxe4 13. Qxd4 Bxh1
14. Qxg7 Rf8 15. Qxh7 Bf3 16. Qd3 Qxe2+ 17. Qxe2+ Bxe2 18. Kxe2 Nd7 19. Bf4
O-O-O 20. Kf3 f6 21. Re1 Ne5+ 22. Kg2 Rd5 23. a4 Rc5 24. Re3 Rc4 25. Bxe5
fxe5 26. Rxe5 Rxa4 27. h4 Rc4 28. Re3 a5 29. h5 a4 0-1

[Event "TOP 16 GpA"]
[Site "Evry FRA"]
[Date "2010.03.27"]
[Round "2"]
[White "Bailet,P"]
[Black "Relange,E"]
[Result "0-1"]
[WhiteElo "2367"]
[BlackElo "2455"]
[EventDate "2010.03.26"]

1. e4 c5 2. Nf3 e6 3. d4 cxd4 4. Nxd4 Nf6 5. Nc3 d6 6. Be3 Nc6 7. Be2 Be7
8. O-O a6 9. f4 O-O 10. Kh1 Re8 11. Qe1 Nxd4 12. Bxd4 b5 13. a3 Bb7 14. Qg3
g6 15. Bd3 Bf8 16. f5 Bg7 17. fxe6 Rxe6 18. Qf3 Qe7 19. a4 b4 20. Bc4 bxc3
21. Bxe6 Qxe6 22. Bxf6 cxb2 23. Rab1 Bxe4 24. Qc3 Rc8 25. Qxb2 Rxc2 26. Qd4
Rxg2 27. Rf4 Bc6 0-1

[Event "TOP 16 GpA"]
[Site "Evry FRA"]
[Date "2010.03.27"]
[Round "2"]
[White "Moussard,J"]
[Black "Bodenez,V"]
[Result "1-0"]
[WhiteElo "2379"]
[BlackElo "2186"]
[EventDate "2010.03.26"]

1. e4 e6 2. d4 d5 3. Nc3 Nf6 4. Bg5 Be7 5. e5 Nfd7 6. h4 c5 7. Bxe7 Kxe7 8.
Qg4 Kf8 9. Nf3 Nc6 10. dxc5 Ndxe5 11. Nxe5 Nxe5 12. Qg3 Nd7 13. Nb5 a6 14.
Qa3 Qe7 15. Nd6 Nf6 16. Bd3 g6 17. O-O-O h5 18. Kb1 Kg7 19. c4 Bd7 20. c6
1-0

[Event "TOP 16 GpA"]
[Site "Evry FRA"]
[Date "2010.03.27"]
[Round "2"]
[White "Le Goff,D"]
[Black "Chabanon,JL"]
[Result "0-1"]
[WhiteElo "2281"]
[BlackElo "2455"]
[EventDate "2010.03.26"]

1. e4 e5 2. Nf3 Nc6 3. Bb5 a6 4. Ba4 Nf6 5. Qe2 d6 6. c3 Bg4 7. h3 Bh5 8.
d3 Nd7 9. Nbd2 Be7 10. Nf1 Nc5 11. Bxc6+ bxc6 12. Ng3 Bxf3 13. Qxf3 Ne6 14.
O-O g6 15. Bh6 Bg5 16. Bxg5 Qxg5 17. Rad1 c5 18. Ne2 O-O 19. Qg4 Rfb8 20.
Qxg5 Nxg5 21. Rd2 c4 22. h4 cxd3 23. hxg5 dxe2 24. Rxe2 Kg7 25. f3 h6 26.
gxh6+ Kxh6 27. Kf2 Kg7 28. Ke3 Rb5 29. c4 Ra5 30. Ra1 Rb8 31. Kd3 Rc5 32.
Kc3 a5 33. Rd1 f5 34. Rd5 Rxd5 35. cxd5 Kf6 36. b3 Kg5 37. g3 f4 38. g4 Kh4
39. Rd2 Kg3 40. Rd3 Kf2 41. a4 Ke2 42. Kc2 Rb4 43. Rc3 Rd4 44. g5 Rd2+ 45.
Kc1 Rd1+ 46. Kc2 Rf1 47. Rxc7 Rxf3 48. Rc6 Re3 49. Rxd6 f3 50. Rf6 Rxe4 0-1

[Event "TOP 16 GpA"]
[Site "Evry FRA"]
[Date "2010.03.27"]
[Round "2"]
[White "Milliet,S"]
[Black "Le Diouron,A"]
[Result "1-0"]
[WhiteElo "2391"]
[BlackElo "1956"]
[EventDate "2010.03.26"]

1. e4 c5 2. Nf3 Nc6 3. Nc3 Nf6 4. Bb5 g6 5. h3 Nd4 6. e5 Nxb5 7. Nxb5 Nd5
8. O-O Nc7 9. Nxc7+ Qxc7 10. d4 cxd4 11. Qxd4 Bg7 12. Bg5 h6 13. Bf6 Bxf6
14. exf6 e6 15. Rad1 O-O 16. Qe3 Kh7 17. Rd4 Qc5 18. b4 Qb6 19. Qxh6+ 1-0

[Event "TOP 16 GpA"]
[Site "Evry FRA"]
[Date "2010.03.27"]
[Round "2"]
[White "Delchev,A"]
[Black "Nguyen Chi Minh"]
[Result "1-0"]
[WhiteElo "2625"]
[BlackElo "2439"]
[EventDate "2010.03.26"]

1. d4 Nf6 2. c4 e6 3. Nf3 b6 4. g3 Bb7 5. Bg2 Be7 6. Nc3 Na6 7. O-O O-O 8.
Bf4 d6 9. Rc1 c5 10. d5 e5 11. Bd2 Nc7 12. e4 Ba6 13. Qe2 Rb8 14. a4 Bc8
15. Ne1 a6 16. Nc2 Bd7 17. b4 b5 18. axb5 axb5 19. Rb1 cxb4 20. Nxb4 bxc4
21. Nc6 Bxc6 22. dxc6 Rc8 23. Qxc4 Ne6 24. Nb5 Qe8 25. c7 Nd7 26. Be3 Ndc5
27. Bh3 Qd7 28. Bxc5 dxc5 29. Rfd1 Qe8 30. Bxe6 fxe6 31. Qxe6+ Qf7 32.
Qxf7+ Rxf7 33. Rd7 Bf8 34. Rbd1 Re7 35. Rxe7 Bxe7 36. Rd7 Kf7 37. Nd6+ 1-0

[Event "TOP 16 GpA"]
[Site "Evry FRA"]
[Date "2010.03.27"]
[Round "2"]
[White "Aguettaz,M"]
[Black "Gozzoli,Y"]
[Result "1/2-1/2"]
[WhiteElo "2389"]
[BlackElo "2515"]
[EventDate "2010.03.26"]

1. e4 e5 2. Nf3 Nc6 3. Nc3 Nf6 4. a3 g6 5. Nxe5 Nxe5 6. d4 Nc6 7. d5 Bg7 8.
dxc6 bxc6 9. Bc4 O-O 10. O-O d6 11. Bg5 Qe8 12. Qd3 Ng4 13. Qd2 Ne5 14. Be2
f5 15. exf5 Bxf5 16. Rae1 Qd7 17. Kh1 Rae8 18. Be3 a5 19. f3 Kh8 20. b3 Qd8
21. Bg5 Qd7 22. Be3 Qd8 23. Bg5 Qd7 1/2-1/2

[Event "TOP 16 GpA"]
[Site "Evry FRA"]
[Date "2010.03.27"]
[Round "2"]
[White "Marzolo,C"]
[Black "Clery,N"]
[Result "1-0"]
[WhiteElo "2470"]
[BlackElo "2391"]
[EventDate "2010.03.26"]

1. d4 d5 2. c4 e6 3. Nc3 Be7 4. Bf4 Nf6 5. e3 O-O 6. Nf3 Nbd7 7. c5 c6 8.
Bd3 b6 9. b4 a5 10. a3 Bb7 11. O-O Qc8 12. Qb1 Ba6 13. Bxa6 Rxa6 14. h3 Ra7
15. Rc1 Qb7 16. Rc2 Rfa8 17. Rca2 Ne8 18. e4 dxe4 19. Nxe4 Nef6 20. Nc3 h6
21. Nd2 Nd5 22. Nxd5 exd5 23. Nb3 a4 24. Nd2 Bf6 25. Nf3 Nf8 26. cxb6 Qxb6
27. Qd3 Ne6 28. Be3 Rc7 29. Rc1 Rac8 30. Rac2 Qb5 31. Qf5 Be7 32. Rc3 Bd6
33. Nd2 Qb6 34. Nf3 Qb5 35. g3 Qa6 36. Qc2 Qb5 37. Nh4 Bf8 38. Kg2 Qa6 39.
Nf3 Bd6 40. h4 h5 41. Ne1 Be7 42. Nd3 Qa8 43. Nf4 Bf6 44. Nxe6 fxe6 45. f4
Kf7 46. Kh2 Qa6 47. Rc5 Bd8 48. Ra5 Qb7 49. Qh7 c5 50. Qxh5+ Kf8 51. Raxc5
Rxc5 52. dxc5 Bf6 53. Qe2 d4 54. Bf2 Qd5 55. Rd1 Re8 56. Rd3 e5 57. fxe5
Rxe5 58. Qf3 Qa2 59. Rxd4 Re2 60. Rf4 Kg8 61. Kh3 Rc2 62. Rf5 Qe6 63. Qg4
Qc6 64. Kh2 Qe6 65. Qf3 Kf8 66. Kg2 Rc3 67. Qxc3 Qxf5 1-0

[Event "TOP 16 GpA"]
[Site "Evry FRA"]
[Date "2010.03.27"]
[Round "2"]
[White "Assad,K"]
[Black "Delorme,L"]
[Result "1/2-1/2"]
[WhiteElo "2056"]
[BlackElo "2226"]
[EventDate "2010.03.26"]

1. d4 d5 2. c4 e6 3. Nc3 c6 4. e3 f5 5. g3 Bd6 6. Bg2 Nf6 7. Nf3 Qe7 8. Qc2
O-O 9. O-O Ne4 10. Ne1 Bd7 11. a3 Be8 12. c5 Bc7 13. f4 Nd7 14. Nf3 Bh5 15.
Bd2 Bxf3 16. Bxf3 Ndf6 17. b4 Qf7 18. Rab1 Rac8 19. Rfc1 Qg6 20. Be1 Ng4
21. Qe2 Ngf6 22. Kg2 Qh6 23. Kg1 g5 24. b5 Nxc3 25. Bxc3 cxb5 26. Rxb5 b6
27. Bd2 Qg7 1/2-1/2

[Event "TOP 16 GpA"]
[Site "Evry FRA"]
[Date "2010.03.27"]
[Round "2"]
[White "Kogan,Ar"]
[Black "Cornette,M"]
[Result "1/2-1/2"]
[WhiteElo "2524"]
[BlackElo "2552"]
[EventDate "2010.03.26"]

1. d4 Nf6 2. Nf3 g6 3. c4 Bg7 4. Nc3 d5 5. Bf4 O-O 6. e3 c5 7. dxc5 Ne4 8.
Be5 Nxc3 9. bxc3 Bxe5 10. Nxe5 Qa5 11. Qb3 Qc7 12. Nd3 dxc4 13. Qxc4 Na6
14. Be2 Be6 15. Qb5 Bd7 16. Qc4 Be6 17. Qb5 Bd7 1/2-1/2

[Event "TOP 16 GpA"]
[Site "Evry FRA"]
[Date "2010.03.27"]
[Round "2"]
[White "Le Roux,JP"]
[Black "Feller,S"]
[Result "0-1"]
[WhiteElo "2512"]
[BlackElo "2576"]
[EventDate "2010.03.26"]

1. e4 c5 2. Nc3 Nc6 3. Bb5 Na5 4. Nf3 a6 5. Be2 e6 6. O-O Qc7 7. Re1 b5 8.
d4 cxd4 9. Nxd4 Bb7 10. Bf3 Bc5 11. Nf5 exf5 12. exf5+ Kf8 13. Bxb7 Nxb7
14. Nd5 Qc6 15. a4 bxa4 16. c3 Ne7 17. Nxe7 Bxe7 18. Rxa4 Bf6 19. Be3 a5
20. Bd4 h5 21. b4 Bxd4 22. cxd4 Nd6 23. bxa5 Nxf5 24. d5 Qf6 25. Rb4 g6 26.
Rb6 Qc3 27. a6 Kg7 0-1

[Event "TOP 16 GpA"]
[Site "Evry FRA"]
[Date "2010.03.27"]
[Round "2"]
[White "Dorfman,I"]
[Black "Terrieux,K"]
[Result "1/2-1/2"]
[WhiteElo "2587"]
[BlackElo "2423"]
[EventDate "2010.03.26"]

1. d4 Nf6 2. c4 g6 3. Nc3 Bg7 4. e4 d6 5. Nf3 O-O 6. Be2 Na6 7. Be3 e5 8.
O-O exd4 9. Nxd4 Re8 10. f3 Nh5 11. Qd2 f5 12. exf5 gxf5 13. Rad1 Nc5 14.
Bh6 a5 15. Bxg7 Nxg7 16. Rfe1 Be6 17. Bf1 Qd7 18. Nd5 Bxd5 19. cxd5 Rxe1
20. Rxe1 Qf7 21. g3 f4 22. gxf4 Qxd5 1/2-1/2

[Event "TOP 16 GpA"]
[Site "Evry FRA"]
[Date "2010.03.27"]
[Round "2"]
[White "Bacrot,E"]
[Black "Sokolov,Ivan"]
[Result "1-0"]
[WhiteElo "2714"]
[BlackElo "2638"]
[EventDate "2010.03.26"]

1. d4 Nf6 2. c4 c5 3. d5 e5 4. Nc3 d6 5. e4 Nbd7 6. Nge2 h5 7. h4 g6 8. a3
Bg7 9. Bg5 a6 10. Nc1 Qc7 11. Qc2 Nf8 12. b4 b6 13. bxc5 bxc5 14. Rb1 N8h7
15. Bd2 O-O 16. Bd3 Bd7 17. N1e2 Rfb8 18. O-O Ne8 19. Rxb8 Rxb8 20. Rb1 Bf6
21. g3 Rxb1+ 22. Qxb1 Ng7 23. Kg2 Bd8 24. Ng1 f5 25. exf5 gxf5 26. Bh6 Qc8
27. Nd1 Nf6 28. Bxg7 Kxg7 29. Ne3 e4 30. Be2 f4 31. gxf4 Kh6 1-0

[Event "TOP 16 GpA"]
[Site "Evry FRA"]
[Date "2010.03.27"]
[Round "2"]
[White "Magem Badals,J"]
[Black "Degraeve,JM"]
[Result "1/2-1/2"]
[WhiteElo "2576"]
[BlackElo "2563"]
[EventDate "2010.03.26"]

1. e4 Nf6 2. e5 Nd5 3. d4 d6 4. Nf3 dxe5 5. Nxe5 c6 6. c3 Nd7 7. Nf3 N7f6
8. Nbd2 Bf5 9. Ne5 h6 10. Qf3 e6 11. g4 Bc2 12. h4 Qe7 13. Bg2 Nd7 14. Ndc4
Nxe5 15. Nxe5 f6 16. Nd3 Qd7 17. Qe2 Bxd3 18. Qxd3 Bd6 19. Qg6+ Qf7 20. Be4
h5 21. Qxf7+ Kxf7 22. g5 f5 23. Bf3 g6 24. Bd2 e5 25. dxe5 Bxe5 26. O-O
Rad8 27. Rad1 Bc7 28. Bc1 Bb6 29. Rd3 1/2-1/2

[Event "TOP 16 GpA"]
[Site "Evry FRA"]
[Date "2010.03.27"]
[Round "2"]
[White "Nataf,IA"]
[Black "Gofshtein,L"]
[Result "1/2-1/2"]
[WhiteElo "2534"]
[BlackElo "2540"]
[EventDate "2010.03.26"]

1. e4 e5 2. Nf3 Nc6 3. d4 exd4 4. Nxd4 Bc5 5. Nxc6 Qf6 6. Qf3 bxc6 7. Nd2
Qxf3 8. gxf3 Be7 9. Rg1 g6 10. Nb3 Bf6 11. c3 Ne7 12. Na5 Rb8 13. Kd1 d6
14. Kc2 Bd7 15. Bf4 Bh4 16. Bg3 Bxg3 17. fxg3 1/2-1/2